|
|
|
|
| LEADER |
00000cam a2200000 a 4500 |
| 001 |
vtls001514951 |
| 003 |
SK-MaSNL |
| 005 |
20260301015417.0 |
| 008 |
240314s1590 sz a lat |
| 015 |
|
|
|a SNBHFA1590
|
| 035 |
|
|
|a 5D3E69AA-B326-48D2-BEB2-C7ABE7EC91C6
|
| 035 |
|
|
|a urn:nbn:sk:snk-amybse
|
| 035 |
|
|
|a urn:nbn:sk:snk-am00cadl
|
| 040 |
|
|
|a SNKHF
|b slo
|c SNK
|e AACR2
|
| 041 |
|
|
|a lat
|
| 044 |
|
|
|a sz
|c CH
|
| 100 |
1 |
|
|a Junius, Melchior st.,
|d 1545-1604
|4 aut
|9 128534
|
| 245 |
1 |
0 |
|a [Aliqvot Orationes]
|b [In Argent. Acad. Exercitii Gratia, scriptae & recitatae Ab Illvstr. Generos. Nobilibus, et aliis: Et ad tractandum propositae]
|c [A Melchiore Ivnio VVitebergensi, Eloquentiae Professore]
|
| 260 |
|
|
|a [Basileae]
|b [per Conr. Waldkirch]
|c 1590
|
| 300 |
|
|
|a [14], 552 zach. s.
|c 16 cm
|
| 500 |
|
|
|a Poškodený exemplár - titulný list a impressum doplnené z literatúry
|
| 500 |
|
|
|a Vinety, linky, iniciálky s ornamentálnym a figurálnym pozadím v rámčeku na 4, 7 r., s ornamentálnym pozadím vo voľnom priestore na 4, 5 r., kustódy
|
| 508 |
|
|
|a Ded.: Junius, Melchior st.
|
| 510 |
4 |
|
|a VD 16 J/1114
|
| 561 |
|
|
|a Z knižnice Antona Augustína Baníka.
|5 SNK ID 99507
|
| 563 |
|
|
|a Väzba previazaná, lepenková s koženým chrbtom, poškodená.
|5 SNK ID 99507
|
| 700 |
1 |
|
|a Waldkirch, Konrad von,
|d 1549-1616
|4 prt
|9 305216
|
| 700 |
1 |
|
|a Junius, Melchior st.
|4 dto
|9 305217
|
| 710 |
0 |
|
|a Waldkirch, Konrad von (Bazilej, Švajčiarsko),
|d 1583-1616
|4 prt
|9 181652
|
| 752 |
|
|
|a Švajčiarsko
|d Basel
|
| 852 |
|
|
|a snk
|b Baníkova knižnica
|p ID 99507
|
| 958 |
|
|
|a ONDV
|
| 999 |
|
|
|c 560751
|d 562681
|
| 952 |
|
|
|t Bk 106
|a SNK
|b SNK
|c SNK_HF
|y PREZ
|7 0
|p 17A1129704
|o snkID 99507
|i snk2016/28315
|8 5
|0 0
|1 0
|4 0
|d 2005-04-05
|f 1
|l 0
|r 2005-04-05 00:00:00
|w 2026-02-23
|